[Event "Skopje op-B"]
[Site "Skopje"]
[Date "2024.12.16"]
[Round "8"]
[White "Boshkovski, Nikola"]
[Black "Lazarov, Krste"]
[Result "1-0"]
[WhiteElo "1791"]
[BlackElo "1556"]
[PlyCount "65"]
[EventDate "2024.12.11"]
[EventType "swiss"]
[EventRounds "9"]
[EventCountry "MKD"]
[SourceTitle "CB52_2024"]
[SourceDate "2024.12.25"]
[SourceVersion "1"]
[SourceVersionDate "2024.12.25"]
[SourceQuality "1"]

1. d4 Nf6 2. c4 g6 3. Nc3 Bg7 4. e4 d6 5. Be2 Nbd7 6. h3 e5 7. d5 a5 8. Be3 0-0 9. g4 Nc5 10. Qc2 Bd7 11. Nf3 Qe7 12. 0-0-0 Rfb8 13. Bxc5 dxc5 14. Qd3 Qd6 15. Nh2 Bh6+ 16. Kb1 Bf4 17. Nf3 h6 18. Rhg1 Kg7 19. Bf1 Re8 20. Bg2 Nh7 21. Ne2 Qf6 22. Qc3 Ng5 23. Ne1 Nh7 24. Nd3 b6 25. Nexf4 exf4 26. e5 Qg5 27. e6+ Kg8 28. exd7 Red8 29. d6 Ra7 30. dxc7 Rxc7 31. Ne5 Nf6 32. Nf3 Ne4 33. Qd3 1-0

[Event "Skopje op-B"]
[Site "Skopje"]
[Date "2024.12.15"]
[Round "6"]
[White "Boshkovski, Nikola"]
[Black "Zelenikovski, Metodi"]
[Result "1/2-1/2"]
[WhiteElo "1791"]
[BlackElo "1592"]
[PlyCount "58"]
[EventDate "2024.12.11"]
[EventType "swiss"]
[EventRounds "9"]
[EventCountry "MKD"]
[SourceTitle "CB52_2024"]
[SourceDate "2024.12.25"]
[SourceVersion "1"]
[SourceVersionDate "2024.12.25"]
[SourceQuality "1"]

1. d4 Nf6 2. c4 g6 3. Nc3 Bg7 4. e4 d6 5. Be2 0-0 6. Be3 Nbd7 7. g4 e5 8. d5 b6 9. h4 Nc5 10. f3 h5 11. gxh5 Nxh5 12. Qd2 f5 13. 0-0-0 f4 14. Bf2 Bf6 15. Qe1 Kg7 16. Bf1 Rh8 17. Bh3 Ng3 18. Bxg3 fxg3 19. Qxg3 Rxh4 20. Nge2 Qh8 21. Bg2 Qh6+ 22. Kb1 Qg5 23. Nb5 Qxg3 24. Nxg3 Na6 25. Ne2 Rxh1 26. Rxh1 Bd8 27. f4 Nc5 28. fxe5 a6 29. Nbd4 dxe5 1/2-1/2

[Event "Skopje op-B"]
[Site "Skopje"]
[Date "2024.12.14"]
[Round "5"]
[White "Vergini, Maria Eirini"]
[Black "Boshkovski, Nikola"]
[Result "1-0"]
[WhiteElo "1450"]
[BlackElo "1791"]
[PlyCount "47"]
[EventDate "2024.12.11"]
[EventType "swiss"]
[EventRounds "9"]
[EventCountry "MKD"]
[SourceTitle "CB52_2024"]
[SourceDate "2024.12.25"]
[SourceVersion "1"]
[SourceVersionDate "2024.12.25"]
[SourceQuality "1"]

1. e4 c5 2. c3 d5 3. exd5 Qxd5 4. d4 cxd4 5. Nf3 Nc6 6. cxd4 e5 7. Nc3 Bb4 8. Bd2 Bxc3 9. Bxc3 e4 10. Ne5 Nxe5 11. dxe5 Ne7 12. Be2 0-0 13. 0-0 Bf5 14. Qc1 Rad8 15. Qg5 Qe6 16. Bb4 Rfe8 17. Bb5 Nc6 18. Bc3 h6 19. Qg3 a6 20. Ba4 Rd3 21. Bb3 Qd7 22. e6 fxe6 23. Qf4 h5 24. Qxf5 1-0

[Event "FRM-ch U18"]
[Site "Strumica"]
[Date "2024.06.26"]
[Round "5"]
[White "Boshkovski, Nikola"]
[Black "Xheladini, Valton"]
[Result "1/2-1/2"]
[WhiteElo "1813"]
[BlackElo "1888"]
[PlyCount "55"]
[EventDate "2024.06.23"]
[EventType "swiss"]
[EventRounds "6"]
[EventCountry "MKD"]
[SourceTitle "EXT 2025"]
[Source "ChessBase"]
[SourceDate "2024.10.14"]
[SourceVersion "1"]
[SourceVersionDate "2024.10.14"]
[SourceQuality "1"]

1. Nf3 Nf6 2. c4 e6 3. Nc3 d5 4. cxd5 exd5 5. d4 c6 6. Bf4 Bd6 7. Bg3 Bf5 8. e3 Bxg3 9. hxg3 Qb6 10. Qd2 h6 11. Bd3 Bxd3 12. Qxd3 Nbd7 13. 0-0 0-0 14. b4 Qxb4 15. Rab1 Qa3 16. Rb3 Qd6 17. Rxb7 c5 18. Rb2 Rab8 19. Rfb1 Rxb2 20. Rxb2 Rb8 21. Rxb8+ Qxb8 22. dxc5 Nxc5 23. Qb5 Qc7 24. Nd4 Nce4 25. Nxe4 dxe4 26. Nc6 Qd7 27. Qb8+ Kh7 28. Nd4 1/2-1/2

[Event "FRM-ch U18"]
[Site "Strumica"]
[Date "2024.06.23"]
[Round "1"]
[White "Boshkovski, Nikola"]
[Black "Jakimovski, Stefan"]
[Result "1/2-1/2"]
[WhiteElo "1813"]
[BlackElo "1534"]
[PlyCount "82"]
[EventDate "2024.06.23"]
[EventType "swiss"]
[EventRounds "6"]
[EventCountry "MKD"]
[SourceTitle "EXT 2025"]
[Source "ChessBase"]
[SourceDate "2024.10.14"]
[SourceVersion "1"]
[SourceVersionDate "2024.10.14"]
[SourceQuality "1"]

1. d4 d5 2. Nf3 Nf6 3. Bf4 Bf5 4. e3 e6 5. c4 c6 6. Nc3 Bb4 7. Bd3 Bg6 8. 0-0 Bxc3 9. bxc3 0-0 10. Rb1 b6 11. Ne5 c5 12. Bg5 h6 13. Bh4 Bh7 14. cxd5 exd5 15. Bxh7+ Kxh7 16. Ng4 g5 17. Bg3 Ne4 18. Qd3 Kg7 19. c4 Nc6 20. dxc5 Nxg3 21. hxg3 bxc5 22. cxd5 Nb4 23. Qc3+ Kh7 24. Nf6+ Kg6 25. Qxc5 Na6 26. Qc6 Qxf6 27. d6 Rfd8 28. Qxa6 Qxd6 29. Qa4 Qd7 30. Qc4 Rac8 31. Qa6+ Kg7 32. Qa5 Qc7 33. Qf5 Qc2 34. Qe5+ Kg6 35. Qe7 Rd2 36. Rb7 Qf5 37. e4 Qf6 38. Qxf6+ Kxf6 39. Rxa7 Rcc2 40. Ra6+ Kg7 41. a4 Ra2 1/2-1/2

[Event "FRM-ch U16"]
[Site "Struga"]
[Date "2023.06.21"]
[Round "7"]
[White "Boshkovski, Nikola"]
[Black "Lazovski, Kristijan"]
[Result "1/2-1/2"]
[WhiteElo "1665"]
[BlackElo "1480"]
[PlyCount "94"]
[EventDate "2023.06.17"]
[EventType "swiss"]
[EventRounds "9"]
[EventCountry "MKD"]
[SourceTitle "EXT 2024"]
[Source "ChessBase"]
[SourceDate "2023.10.10"]
[SourceVersion "1"]
[SourceVersionDate "2023.10.10"]
[SourceQuality "1"]

1. d4 Nf6 2. c4 g6 3. Nc3 Bg7 4. e4 d6 5. Nf3 0-0 6. Be2 e5 7. dxe5 dxe5 8. Qc2 Re8 9. 0-0 c6 10. Rd1 Qc7 11. Ne1 a5 12. Be3 Be6 13. Na4 Nbd7 14. Nc5 Nxc5 15. Bxc5 Bf8 16. Bxf8 Kxf8 17. Rd2 Rad8 18. Rad1 Rxd2 19. Rxd2 Rd8 20. f3 Kg7 21. Qc3 Rxd2 22. Qxd2 Qb6+ 23. Kf1 Qd4 24. Qxd4 exd4 25. b3 c5 26. Nd3 b6 27. Kf2 g5 28. h3 Nh5 29. g4 Nf6 30. Kg3 h5 31. h4 gxh4+ 32. Kxh4 hxg4 33. e5 Nd7 34. fxg4 a4 35. Bd1 axb3 36. axb3 Kf8 37. Kg5 Ke7 38. Kf4 Nf8 39. Nf2 Ng6+ 40. Ke4 Nh4 41. Nd3 Ng2 42. Nf4 Ne3 43. Nxe6 Nxd1 44. Nc7 Nf2+ 45. Kf3 Nd3 46. Ke4 Nf2+ 47. Kf3 Nd3 1/2-1/2

[Event "FRM-ch U16"]
[Site "Struga"]
[Date "2023.06.20"]
[Round "5"]
[White "Boshkovski, Nikola"]
[Black "Zlatkov, Anton"]
[Result "0-1"]
[WhiteElo "1665"]
[BlackElo "2228"]
[PlyCount "60"]
[EventDate "2023.06.17"]
[EventType "swiss"]
[EventRounds "9"]
[EventCountry "MKD"]
[SourceTitle "EXT 2024"]
[Source "ChessBase"]
[SourceDate "2023.10.10"]
[SourceVersion "1"]
[SourceVersionDate "2023.10.10"]
[SourceQuality "1"]

1. d4 Nf6 2. c4 e6 3. Nc3 Bb4 4. Bg5 c5 5. a3 Bxc3+ 6. bxc3 Qa5 7. Qd3 cxd4 8. Bxf6 gxf6 9. Qxd4 Ke7 10. e3 Nc6 11. Qd2 b6 12. Nf3 Qc5 13. Be2 Ba6 14. 0-0 Bxc4 15. Bxc4 Qxc4 16. Rfd1 d5 17. Nd4 Rac8 18. e4 Nxd4 19. cxd4 dxe4 20. Rac1 Qb3 21. Qf4 Qd5 22. Rc7+ Rxc7 23. Qxc7+ Qd7 24. Rc1 Rd8 25. Qf4 Qxd4 26. Rc7+ Rd7 27. Rxd7+ Kxd7 28. h3 Qa1+ 29. Kh2 Qe5 30. Qxe5 fxe5 0-1

[Event "FRM-ch op"]
[Site "Skopje"]
[Date "2023.05.06"]
[Round "3"]
[White "Tabakovski, Dino"]
[Black "Boshkovski, Nikola"]
[Result "1-0"]
[WhiteElo "1929"]
[BlackElo "1512"]
[PlyCount "53"]
[EventDate "2023.05.04"]
[EventType "swiss"]
[EventRounds "9"]
[EventCountry "MKD"]
[SourceTitle "CBM 214 Extra"]
[Source "ChessBase"]
[SourceDate "2023.07.31"]
[SourceVersion "1"]
[SourceVersionDate "2023.07.31"]
[SourceQuality "1"]

1. d4 d5 2. c4 c6 3. cxd5 cxd5 4. Nc3 Nc6 5. Bf4 e6 6. e3 Bd6 7. Bxd6 Qxd6 8. f4 Nf6 9. Nf3 a6 10. Bd3 b5 11. 0-0 Bb7 12. Rc1 0-0 13. Ne5 Ne7 14. Rf3 Ne4 15. Rh3 f6 16. Qh5 fxe5 17. Qxh7+ Kf7 18. fxe5 Qb6 19. Bxe4 dxe4 20. Nxe4 Bxe4 21. Qxe4 Qa7 22. Qg4 Rad8 23. Rf1+ Nf5 24. Qh5+ Ke7 25. Qg5+ Ke8 26. g4 Ne7 27. Rxf8+ 1-0

[Event "FRM-ch U16"]
[Site "Struga"]
[Date "2022.06.20"]
[Round "4"]
[White "Lozanovski, Andrej"]
[Black "Boshkovski, Nikola"]
[Result "1/2-1/2"]
[WhiteElo "1065"]
[BlackElo "1571"]
[PlyCount "74"]
[EventDate "2022.06.18"]
[EventType "swiss"]
[EventRounds "9"]
[EventCountry "MKD"]
[SourceTitle "EXT 2023"]
[Source "ChessBase"]
[SourceDate "2022.10.05"]
[SourceVersion "1"]
[SourceVersionDate "2022.10.05"]
[SourceQuality "1"]

1. d4 d5 2. Bf4 Bf5 3. e3 Nf6 4. Nf3 e6 5. Bd3 Bg6 6. c4 Bd6 7. Bxd6 Qxd6 8. Nc3 dxc4 9. Bxc4 0-0 10. 0-0 a6 11. Qe2 c5 12. Rfd1 Nc6 13. Rac1 Rfd8 14. Bb3 cxd4 15. Nxd4 Nxd4 16. Rxd4 Qc7 17. Rcd1 Kf8 18. Qd2 Ke7 19. Ne2 Rxd4 20. Qxd4 Rd8 21. Qb4+ Ke8 22. Rxd8+ Kxd8 23. h3 Qe7 24. Qd4+ Kc8 25. Nc3 Qd7 26. Qc5+ Kb8 27. Ba4 Qc8 28. Qd6+ Ka8 29. Bb3 Ne4 30. Nxe4 Bxe4 31. Qd4 Qc6 32. Qxg7 Qc1+ 33. Kh2 Qc7+ 34. Qg3 Qd8 35. Qf4 Bg6 36. Qe5 Bf5 37. Qd4 Qc7+ 1/2-1/2

[Event "FRM-ch U16"]
[Site "Struga"]
[Date "2022.06.19"]
[Round "2"]
[White "Xheladini, Valton"]
[Black "Boshkovski, Nikola"]
[Result "1-0"]
[WhiteElo "1508"]
[BlackElo "1571"]
[PlyCount "57"]
[EventDate "2022.06.18"]
[EventType "swiss"]
[EventRounds "9"]
[EventCountry "MKD"]
[SourceTitle "EXT 2023"]
[Source "ChessBase"]
[SourceDate "2022.10.05"]
[SourceVersion "1"]
[SourceVersionDate "2022.10.05"]
[SourceQuality "1"]

1. e4 c5 2. Nf3 Nc6 3. Bb5 d6 4. 0-0 Bd7 5. Re1 g6 6. c3 Bg7 7. d4 cxd4 8. cxd4 e5 9. Bxc6 Bxc6 10. d5 Bb5 11. Nc3 Ba6 12. b4 Qd7 13. a4 b6 14. b5 Bb7 15. Ba3 Ne7 16. Qb3 0-0 17. Rac1 f5 18. Qb4 fxe4 19. Qxd6 Qxd6 20. Bxd6 exf3 21. Bxe7 Rfe8 22. d6 Bf8 23. Rxe5 Bxe7 24. d7 Rf8 25. Rxe7 Rad8 26. Rce1 fxg2 27. Ne4 Bxe4 28. R1xe4 h6 29. Kxg2 1-0

[Event "FRM-ch op"]
[Site "Skopje"]
[Date "2022.05.05"]
[Round "9"]
[White "Boshkovski, Nikola"]
[Black "Gjorgjevski, Janco"]
[Result "0-1"]
[WhiteElo "1381"]
[BlackElo "1857"]
[PlyCount "78"]
[EventDate "2022.04.29"]
[EventType "swiss"]
[EventRounds "9"]
[EventCountry "MKD"]
[SourceTitle "CBM 208 Extra"]
[Source "ChessBase"]
[SourceDate "2022.07.31"]
[SourceVersion "1"]
[SourceVersionDate "2022.07.31"]
[SourceQuality "1"]

1. d4 d5 2. c4 c6 3. e3 g6 4. Nc3 Bg7 5. Bd3 Nf6 6. Nf3 0-0 7. 0-0 b6 8. h3 Bb7 9. b3 Na6 10. Bb2 c5 11. cxd5 Nxd5 12. Nxd5 Qxd5 13. Qe2 Nb4 14. Bc4 Qh5 15. Ne1 Qxe2 16. Bxe2 cxd4 17. exd4 Rad8 18. Rd1 a5 19. a3 Nd5 20. Bf3 Ba6 21. Nd3 Rd6 22. Rfe1 e6 23. Ne5 Rfd8 24. Rc1 Nf4 25. Red1 Be2 26. Rd2 Bxe5 27. Bxe2 Bxd4 28. Bxd4 Rxd4 29. Rdc2 Rd2 30. Bf3 Rxc2 31. Rxc2 Rd3 32. Rb2 Nxh3+ 33. Kh2 Ng5 34. Be2 Rc3 35. Bc4 Ne4 36. a4 Nd6 37. Bf1 Kg7 38. Rd2 Ne4 39. Re2 Nc5 0-1

[Event "FRM-ch op"]
[Site "Skopje"]
[Date "2022.04.30"]
[Round "2"]
[White "Miskoski, Misko"]
[Black "Boshkovski, Nikola"]
[Result "1-0"]
[WhiteElo "1956"]
[BlackElo "1381"]
[PlyCount "125"]
[EventDate "2022.04.29"]
[EventType "swiss"]
[EventRounds "9"]
[EventCountry "MKD"]
[SourceTitle "CBM 208 Extra"]
[Source "ChessBase"]
[SourceDate "2022.07.31"]
[SourceVersion "1"]
[SourceVersionDate "2022.07.31"]
[SourceQuality "1"]

1. d4 Nf6 2. c4 d5 3. cxd5 Nxd5 4. Nc3 Bf5 5. a3 e6 6. Nf3 c5 7. e3 Nc6 8. Bb5 Bd6 9. 0-0 0-0 10. Nxd5 exd5 11. dxc5 Bxc5 12. Bxc6 bxc6 13. Nd4 Qf6 14. b4 Bxd4 15. Qxd4 Qxd4 16. exd4 Rfe8 17. Be3 Bd3 18. Rfc1 Bc4 19. g3 f6 20. Kg2 Kf7 21. Kf3 Re7 22. Rxc4 dxc4 23. Rc1 a5 24. Bd2 axb4 25. Bxb4 Rc7 26. Rxc4 Ke6 27. Ke4 f5+ 28. Kd3 c5 29. dxc5 Rd8+ 30. Kc2 Rcd7 31. Kb3 Ra8 32. Rc2 Kd5 33. Re2 Rc7 34. Rd2+ Kc6 35. Rd6+ Kb7 36. Kc4 Rc6 37. Rd5 g6 38. Kb5 h5 39. Ba5 Rac8 40. Bb6 Re6 41. Rd7+ Kb8 42. Rd2 Kb7 43. a4 Re1 44. Rb2 Rc1 45. a5 Ra1 46. Rd2 Rb1+ 47. Kc4 Rc1+ 48. Kd5 Re8 49. Kd6 Ree1 50. Kd7 Rcd1 51. c6+ Ka8 52. Rd6 Rxd6+ 53. Kxd6 Kb8 54. Kd7 Rd1+ 55. Ke6 Rd2 56. a6 Rc2 57. a7+ Ka8 58. Kd7 Rd2+ 59. Kc8 Rc2 60. c7 Rc1 61. Be3 Rc3 62. Kd7 Rd3+ 63. Kc6 1-0